000 00781nas a2200265 4500
001 BR4900246
003 BR-BrBNA
005 20231205081917.0
007 ta
008 230509b bl.|||p| |||| 00| 00por d
040 _aBR-BrBNA
_bpor
_cBiblioteca Nacional de Agricultura
041 _a(Pt)
072 _aL73; L70
100 1 _aMuller, R.H.
100 1 _aAlbuquerque, J. da S.
245 1 _aProducao e emprego da vacina cristal violeta no Rio Grande do Sul [Brasil]
650 _aIMUNOLOGIA
650 _aVACINA
650 _aPESTE SUINA
650 _aSUÍNO
650 _aRIO GRANDE DO SUL
773 0 _tBoletim da Diretoria da Producao Animal (Brazil)
_x
_g(Jun 1949), v. 5(8) p. 24-37
_wBR4900246
909 _a202311
_bLúcia
_c55
_dLúcia Elande
942 _2AGRIS
_n0
_cANA
999 _c87756
_d87756